[Event "BPB Limburg open B"]
[Site "Maastricht"]
[Date "2014.06.09"]
[Round "7"]
[White "Dirksen, Marieke"]
[Black "Bettman, Jan"]
[Result "1-0"]
[WhiteElo "2005"]
[BlackElo "1842"]
[PlyCount "77"]
[EventDate "2014.06.06"]
[EventType "swiss"]
[EventRounds "7"]
[EventCountry "NED"]
[Source "P.Boonen"]
[SourceDate "2014.10.10"]

1. e4 e5 2. Nf3 d5 3. Nxe5 dxe4 4. Bc4 Nh6 5. d4 Nd7 6. Qe2 Nxe5 7. Qxe4 Bb4+
8. c3 O-O 9. dxe5 Bc5 10. O-O Bf5 11. Qf3 Be6 12. Bxh6 gxh6 13. b4 Bb6 14. Na3
a5 15. Bxe6 fxe6 16. Qg4+ Kh8 17. Nc4 Rf5 18. Qe4 axb4 19. cxb4 Qd4 20. Qxd4
Bxd4 21. Rad1 Ba7 22. g3 Raf8 23. Rd2 h5 24. Kg2 h4 25. f4 hxg3 26. hxg3 R5f7
27. Rd3 Kg7 28. Nd2 Kg6 29. Rh1 c5 30. b5 c4 31. Nxc4 Rc7 32. Rc1 Bc5 33. Nd2
Ra8 34. a3 Kf5 35. Kf3 Ra4 36. Rc4 Ra7 37. Rdc3 b6 38. g4+ Kg6 39. Ne4 1-0

[Event "BPB Limburg open B"]
[Site "Maastricht"]
[Date "2014.06.09"]
[Round "7"]
[White "Esser, Thomas"]
[Black "Bhattacharjee, Sourav"]
[Result "1/2-1/2"]
[WhiteElo "1983"]
[BlackElo "1934"]
[PlyCount "58"]
[EventDate "2014.06.06"]
[EventType "swiss"]
[EventRounds "7"]
[EventCountry "NED"]
[Source "P.Boonen"]
[SourceDate "2014.10.10"]

1. d4 Nf6 2. c4 c5 3. d5 b5 4. cxb5 a6 5. bxa6 g6 6. Nc3 Bxa6 7. g3 d6 8. Bg2
Bg7 9. Nf3 O-O 10. O-O Nbd7 11. Rb1 Ng4 12. Qc2 Qb6 13. Re1 Nde5 14. b3 c4 15.
Nd1 Rfc8 16. Nxe5 Nxe5 17. b4 Bb5 18. Be3 Qb7 19. Nc3 Ra3 20. Nxb5 Qxb5 21. Bd4
Rca8 22. Rec1 Rxa2 23. Rb2 Ra1 24. Rxa1 Rxa1+ 25. Rb1 Rxb1+ 26. Qxb1 Nf3+ 27.
Bxf3 Bxd4 28. e3 Bc3 29. Qe4 Bf6 1/2-1/2

[Event "BPB Limburg open B"]
[Site "Maastricht"]
[Date "2014.06.09"]
[Round "7"]
[White "Fadavian, Marius"]
[Black "Janse, Alexander"]
[Result "1/2-1/2"]
[WhiteElo "2040"]
[BlackElo "1584"]
[PlyCount "36"]
[EventDate "2014.06.06"]
[EventType "swiss"]
[EventRounds "7"]
[EventCountry "NED"]
[Source "P.Boonen"]
[SourceDate "2014.10.10"]

1. d4 Nf6 2. Bg5 e6 3. e4 h6 4. Bxf6 Qxf6 5. e5 Qd8 6. Bd3 d5 7. f4 c5 8. Nd2
Nc6 9. Ndf3 Qb6 10. b3 cxd4 11. Ne2 Bb4+ 12. Kf2 Bd7 13. Rf1 Bc3 14. Rb1 Nb4
15. a3 Nxd3+ 16. cxd3 Rc8 17. g4 h5 18. gxh5 Rxh5 1/2-1/2

[Event "BPB Limburg open B"]
[Site "Maastricht"]
[Date "2014.06.09"]
[Round "7"]
[White "Feltman, Bart"]
[Black "Blijlevens, Pim"]
[Result "0-1"]
[WhiteElo "1728"]
[BlackElo "1934"]
[PlyCount "100"]
[EventDate "2014.06.06"]
[EventType "swiss"]
[EventRounds "7"]
[EventCountry "NED"]
[Source "P.Boonen"]
[SourceDate "2014.10.10"]

1. b4 f5 2. Bb2 Nf6 3. e3 e6 4. a3 Be7 5. Be2 O-O 6. c4 c6 7. Nf3 d5 8. Qc2
Nbd7 9. c5 Ne4 10. d3 Ng5 11. Nbd2 Nxf3+ 12. Nxf3 Bf6 13. Bxf6 Qxf6 14. d4 e5
15. Nxe5 Nxe5 16. dxe5 Qxe5 17. O-O Rf6 18. Qd3 Rh6 19. g3 Bd7 20. Qd4 Qe6 21.
Qf4 Rf8 22. Rfe1 Qe7 23. h4 Re6 24. Bf3 h6 25. Kg2 g5 26. hxg5 hxg5 27. Qd4
Ref6 28. Rh1 f4 29. Rh5 Qg7 30. Rah1 fxg3 31. Qe5 gxf2 32. Qh2 f1=Q+ 33. Rxf1
g4 34. Be2 Rxf1 35. Bxf1 Qb2+ 36. Kg1 Qxh2+ 37. Rxh2 Rf3 38. Re2 Kg7 39. Bg2
Rf5 40. e4 Re5 41. Kf2 dxe4 42. Rxe4 Rxe4 43. Bxe4 Kf6 44. Ke3 Ke5 45. Bg2 Be6
46. a4 Bb3 47. a5 Bd5 48. Bf1 g3 49. Bh3 g2 50. Kf2 Kd4 0-1

[Event "BPB Limburg open B"]
[Site "Maastricht"]
[Date "2014.06.09"]
[Round "7"]
[White "Flohr, Ron E"]
[Black "Plug, Arjan"]
[Result "0-1"]
[WhiteElo "1932"]
[BlackElo "1893"]
[PlyCount "48"]
[EventDate "2014.06.06"]
[EventType "swiss"]
[EventRounds "7"]
[EventCountry "NED"]
[Source "P.Boonen"]
[SourceDate "2014.10.10"]

1. d4 Nf6 2. Bg5 e6 3. Nd2 d5 4. e4 Be7 5. Bxf6 Bxf6 6. e5 Be7 7. Qg4 g6 8. f4
c5 9. Bb5+ Bd7 10. Bxd7+ Nxd7 11. dxc5 Bxc5 12. Qe2 Qb6 13. O-O-O a5 14. g4 a4
15. h4 a3 16. b3 Bxg1 17. Rdxg1 Qd4 18. Nb1 Qxf4+ 19. Kd1 Qxe5 20. Qxe5 Nxe5
21. h5 Ke7 22. hxg6 hxg6 23. Rxh8 Rxh8 24. Nxa3 Ra8 0-1

[Event "BPB Limburg open B"]
[Site "Maastricht"]
[Date "2014.06.09"]
[Round "7"]
[White "Geboers, Jimmy"]
[Black "Koelmans, Jan Willem"]
[Result "1/2-1/2"]
[WhiteElo "1907"]
[BlackElo "1948"]
[PlyCount "40"]
[EventDate "2014.06.06"]
[EventType "swiss"]
[EventRounds "7"]
[EventCountry "NED"]
[Source "P.Boonen"]
[SourceDate "2014.10.10"]

1. d4 d5 2. c4 c6 3. Nc3 Nf6 4. e3 e6 5. Nf3 Nbd7 6. Bd3 dxc4 7. Bxc4 b5 8. Bd3
Bb7 9. e4 b4 10. Na4 c5 11. e5 Nd5 12. dxc5 Nxc5 13. Nxc5 Bxc5 14. Bb5+ Ke7 15.
O-O Qb6 16. Qe2 h6 17. Bd2 a5 18. b3 Rhd8 19. Rac1 Kf8 20. Bc4 Rac8 1/2-1/2

[Event "BPB Limburg open B"]
[Site "Maastricht"]
[Date "2014.06.09"]
[Round "7"]
[White "Goes, Dirk"]
[Black "Eben, Jonathan"]
[Result "1-0"]
[WhiteElo "1946"]
[BlackElo "1806"]
[PlyCount "65"]
[EventDate "2014.06.06"]
[EventType "swiss"]
[EventRounds "7"]
[EventCountry "NED"]
[Source "P.Boonen"]
[SourceDate "2014.10.10"]

1. d4 Nf6 2. Bg5 e6 3. e3 Be7 4. Bd3 d5 5. Nd2 Nbd7 6. f4 c5 7. c3 b6 8. Qf3
Bb7 9. Nh3 h6 10. Bxf6 Bxf6 11. O-O Qc7 12. Rac1 g5 13. Qh5 Ke7 14. Nf3 gxf4
15. exf4 Raf8 16. Ne5 c4 17. Bc2 Nb8 18. Rce1 Nc6 19. Nxc6+ Bxc6 20. Nf2 Kd8
21. Ng4 Bg7 22. f5 exf5 23. Ne3 Re8 24. Bxf5 Re7 25. Bh3 Rhe8 26. Nxd5 Rxe1 27.
Nxc7 Kxc7 28. Rxe1 Rxe1+ 29. Kf2 Re7 30. Qg4 f6 31. Qc8+ Kd6 32. Qd8+ Bd7 33.
Qb8+ 1-0

[Event "BPB Limburg open B"]
[Site "Maastricht"]
[Date "2014.06.09"]
[Round "7"]
[White "Hoelting, Siegfried"]
[Black "Eveleens, Ed"]
[Result "1/2-1/2"]
[WhiteElo "1938"]
[BlackElo "1779"]
[PlyCount "49"]
[EventDate "2014.06.06"]
[EventType "swiss"]
[EventRounds "7"]
[EventCountry "NED"]
[Source "P.Boonen"]
[SourceDate "2014.10.10"]

1. e4 Nf6 2. e5 Nd5 3. c4 Nb6 4. d4 d6 5. exd6 exd6 6. Nf3 Bf5 7. Bd3 Bxd3 8.
Qxd3 Be7 9. O-O O-O 10. Be3 c5 11. d5 Bf6 12. Nc3 N8d7 13. Rab1 Ne5 14. Nxe5
Bxe5 15. b3 f5 16. f4 Bf6 17. Ne2 Re8 18. Ng3 Rxe3 19. Qxf5 Bd4 20. Kh1 Qh4 21.
Ne4 Rf8 22. Qg5 Qxg5 23. Nxg5 Bf6 24. Ne6 Re8 25. g4 1/2-1/2

[Event "BPB Limburg open B"]
[Site "Maastricht"]
[Date "2014.06.09"]
[Round "7"]
[White "Holwijn, Melvin"]
[Black "Wlogalski, Olivier"]
[Result "1/2-1/2"]
[WhiteElo "1983"]
[BlackElo "1896"]
[PlyCount "86"]
[EventDate "2014.06.06"]
[EventType "swiss"]
[EventRounds "7"]
[EventCountry "NED"]
[Source "P.Boonen"]
[SourceDate "2014.10.10"]

1. d4 Nf6 2. c4 e6 3. Nf3 b6 4. Bg5 Bb7 5. Nc3 Bb4 6. Qd3 h6 7. Bd2 Bxc3 8.
Bxc3 Be4 9. Qd1 d5 10. e3 O-O 11. Ne5 Qc8 12. f3 Bh7 13. Bd3 Bxd3 14. Qxd3 Qb7
15. O-O Na6 16. b4 c5 17. bxc5 bxc5 18. Rab1 Qc8 19. Ng4 Nxg4 20. fxg4 dxc4 21.
Qxc4 Qc6 22. Rbc1 Rac8 23. Bb2 Qb7 24. Qe2 cxd4 25. Bxd4 f6 26. Rb1 Qc6 27.
Bxa7 Nc7 28. Rfc1 Qa4 29. Bc5 Rfe8 30. Rb4 Qa8 31. Rbc4 Nd5 32. a3 Qb7 33. Bb4
Qa6 34. Kf2 Rcd8 35. Rc6 Qa4 36. Qc2 Qa7 37. Rc5 Qb8 38. Ba5 Qe5 39. Bxd8 Qxe3+
40. Kf1 Qxa3 41. Rxd5 exd5 42. Bc7 Re4 43. Qd1 Rd4 1/2-1/2

[Event "BPB Limburg open B"]
[Site "Maastricht"]
[Date "2014.06.09"]
[Round "7"]
[White "Ibrahim, Ashraf"]
[Black "Van 't Hoff, Kees"]
[Result "1-0"]
[WhiteElo "1794"]
[BlackElo "1793"]
[PlyCount "99"]
[EventDate "2014.06.06"]
[EventType "swiss"]
[EventRounds "7"]
[EventCountry "NED"]
[Source "P.Boonen"]
[SourceDate "2014.10.10"]

1. d4 Nf6 2. c4 g6 3. Nc3 Bg7 4. e4 d6 5. f3 O-O 6. Be3 Nbd7 7. Qd2 e5 8. d5 a6
9. Bd3 Nc5 10. Bc2 Ne8 11. g4 b6 12. h4 f6 13. Nge2 Bd7 14. h5 g5 15. b4 Nb7
16. a3 h6 17. Kf2 Kh8 18. Nc1 c5 19. dxc6 Bxc6 20. Nb3 Rf7 21. Rhd1 b5 22. cxb5
axb5 23. Qe2 Nc7 24. Bb6 Ra6 25. Bxc7 Qxc7 26. Bd3 Rf8 27. Nxb5 Bxb5 28. Bxb5
Ra7 29. Kg2 Rfa8 30. a4 Qc3 31. Qc4 Qxc4 32. Bxc4 Rxa4 33. Bd5 Rxa1 34. Rxa1
Rb8 35. Ra7 Nd8 36. b5 Bf8 37. Ra8 Rxa8 38. Bxa8 d5 39. Bxd5 Bd6 40. b6 Kg7 41.
b7 Kf8 42. Nc5 Nxb7 43. Nxb7 Bc7 44. Kf2 Ke7 45. Bc6 Bb6+ 46. Ke2 Bd4 47. Kd3
Bb6 48. Kc4 Bd4 49. Kd5 Bb2 50. Nd6 1-0

[Event "BPB Limburg open B"]
[Site "Maastricht"]
[Date "2014.06.09"]
[Round "7"]
[White "Jansen, Ingeborg"]
[Black "Glasbeek, Steven"]
[Result "0-1"]
[WhiteElo "1842"]
[BlackElo "1847"]
[PlyCount "46"]
[EventDate "2014.06.06"]
[EventType "swiss"]
[EventRounds "7"]
[EventCountry "NED"]
[Source "P.Boonen"]
[SourceDate "2014.10.10"]

1. e4 c5 2. Nf3 d6 3. d3 g6 4. g3 Bg7 5. Bg2 Nc6 6. Nbd2 e6 7. O-O Nge7 8. c3
b6 9. Re1 Ba6 10. d4 cxd4 11. cxd4 O-O 12. Qa4 Qc8 13. e5 Nf5 14. g4 b5 15. Qd1
Nfxd4 16. Nxd4 Nxd4 17. Bxa8 Qxa8 18. exd6 Bb7 19. Re3 f5 20. g5 f4 21. Rd3 Qd8
22. Qg4 Qxd6 23. Nb3 Qd5 0-1

[Event "BPB Limburg open B"]
[Site "Maastricht"]
[Date "2014.06.09"]
[Round "7"]
[White "Kalle, Erwin"]
[Black "Peeters, Joep"]
[Result "0-1"]
[WhiteElo "1691"]
[BlackElo "1786"]
[PlyCount "26"]
[EventDate "2014.06.06"]
[EventType "swiss"]
[EventRounds "7"]
[EventCountry "NED"]
[Source "P.Boonen"]
[SourceDate "2014.10.10"]

1. e4 d6 2. d4 Nf6 3. Nc3 c6 4. f4 Qa5 5. Bd3 e5 6. dxe5 dxe5 7. fxe5 Ng4 8.
Nf3 Bc5 9. Rf1 Nd7 10. Bd2 Ngxe5 11. Nxe5 Nxe5 12. Qh5 Nxd3+ 13. cxd3 Bf2+ 0-1

[Event "BPB Limburg open B"]
[Site "Maastricht"]
[Date "2014.06.09"]
[Round "7"]
[White "Kastelein, Gerard"]
[Black "Van Ginneken, Jeroen"]
[Result "1-0"]
[WhiteElo "1802"]
[BlackElo "1753"]
[PlyCount "47"]
[EventDate "2014.06.06"]
[EventType "swiss"]
[EventRounds "7"]
[EventCountry "NED"]
[Source "P.Boonen"]
[SourceDate "2014.10.10"]

1. d4 d5 2. Bf4 Nf6 3. Nc3 Bd7 4. Nf3 e6 5. e3 c5 6. Ne5 Nc6 7. Be2 Qb6 8. Nxd7
Nxd7 9. Nb5 Rc8 10. dxc5 Bxc5 11. O-O a6 12. Nc3 Qxb2 13. Nxd5 exd5 14. Qxd5
Qc3 15. Rab1 b5 16. Rb3 Qf6 17. Bg4 Qe7 18. Bxd7+ Qxd7 19. Qxc5 Ne7 20. Qe5 O-O
21. Rd3 Qb7 22. Bg5 Ng6 23. Qf5 Rxc2 24. h4 {.....} 1-0

[Event "BPB Limburg open B"]
[Site "Maastricht"]
[Date "2014.06.09"]
[Round "7"]
[White "Laan, Yorick"]
[Black "Visser, Sebastiaan"]
[Result "1-0"]
[WhiteElo "1776"]
[BlackElo "1874"]
[PlyCount "71"]
[EventDate "2014.06.06"]
[EventType "swiss"]
[EventRounds "7"]
[EventCountry "NED"]
[Source "P.Boonen"]
[SourceDate "2014.10.10"]

1. d4 g6 2. c4 Bg7 3. Nc3 Nc6 4. d5 Ne5 5. e4 d6 6. Be3 c6 7. Be2 cxd5 8. cxd5
Nf6 9. Nf3 Nxf3+ 10. Bxf3 O-O 11. O-O Bd7 12. Be2 b5 13. f3 b4 14. Nb5 Bxb5 15.
Bxb5 Qa5 16. Qe2 e6 17. dxe6 fxe6 18. Rac1 a6 19. Bc4 d5 20. exd5 Nxd5 21. Bf2
Rfe8 22. Rfe1 Kh8 23. Rcd1 Rad8 24. Qc2 Rc8 25. Qb3 Nf4 26. Bxe6 Nxe6 27. Rxe6
Rxe6 28. Qxe6 Qf5 29. Qb3 a5 30. g4 Qf4 31. Kg2 Be5 32. Bg3 Qf6 33. g5 Qf5 34.
h4 Bxb2 35. Qxb2+ Kg8 36. Rd2 1-0

[Event "BPB Limburg open B"]
[Site "Maastricht"]
[Date "2014.06.09"]
[Round "7"]
[White "Leontiev, Oleg"]
[Black "Freer, Glenn"]
[Result "0-1"]
[WhiteElo "1896"]
[BlackElo "1824"]
[PlyCount "40"]
[EventDate "2014.06.06"]
[EventType "swiss"]
[EventRounds "7"]
[EventCountry "NED"]
[Source "P.Boonen"]
[SourceDate "2014.10.10"]

1. d4 Nf6 2. Nf3 c5 3. e3 g6 4. Bd3 Bg7 5. O-O O-O 6. c4 d6 7. Nc3 Bg4 8. h3
Bxf3 9. Qxf3 Nc6 10. d5 Ne5 11. Qe2 Nxd3 12. Qxd3 a6 13. e4 Nd7 14. f4 b5 15.
cxb5 Qb6 16. Kh1 Rfb8 17. bxa6 Rxa6 18. Rf2 Raa8 19. b3 c4 20. Qc2 cxb3 0-1

[Event "BPB Limburg open B"]
[Site "Maastricht"]
[Date "2014.06.09"]
[Round "7"]
[White "Lex, Gereon"]
[Black "Zatyko, Ferry"]
[Result "0-1"]
[WhiteElo "1764"]
[BlackElo "1776"]
[PlyCount "68"]
[EventDate "2014.06.06"]
[EventType "swiss"]
[EventRounds "7"]
[EventCountry "NED"]
[Source "P.Boonen"]
[SourceDate "2014.10.10"]

1. e4 c5 2. Nf3 Nc6 3. d4 cxd4 4. Nxd4 d6 5. c4 Nf6 6. Nc3 g6 7. Be2 Bg7 8. Be3
O-O 9. O-O h6 10. h3 Nxd4 11. Bxd4 b6 12. Qd2 Bb7 13. f3 Rc8 14. Rac1 Kh7 15.
Rfd1 Bc6 16. b3 Qc7 17. Nd5 Bxd5 18. cxd5 Qb7 19. Bb5 Rxc1 20. Rxc1 Rc8 21. Bc6
Qc7 22. Rc4 Qd8 23. Qc3 Bf8 24. a4 a5 25. Qe3 Rb8 26. g4 e5 27. dxe6 fxe6 28.
e5 d5 29. exf6 dxc4 30. Qe5 cxb3 31. f7 Qxd4+ 32. Qxd4 Bc5 33. Qxc5 bxc5 34.
Be8 Kg7 0-1

[Event "BPB Limburg open B"]
[Site "Maastricht"]
[Date "2014.06.09"]
[Round "7"]
[White "Limbach, Torsten"]
[Black "Londers, Jan"]
[Result "1/2-1/2"]
[WhiteElo "1985"]
[BlackElo "1890"]
[PlyCount "35"]
[EventDate "2014.06.06"]
[EventType "swiss"]
[EventRounds "7"]
[EventCountry "NED"]
[Source "P.Boonen"]
[SourceDate "2014.10.10"]

1. c4 g6 2. g3 Bg7 3. Bg2 e5 4. Nc3 d6 5. e4 Nc6 6. Nge2 Nf6 7. O-O O-O 8. f4
Nd4 9. Nxd4 exd4 10. Ne2 Ng4 11. h3 d3 12. hxg4 Bxg4 13. Bf3 Bxf3 14. Rxf3 dxe2
15. Qxe2 f5 16. d3 Qf6 17. Re3 Qf7 18. Kg2 1/2-1/2

[Event "BPB Limburg open B"]
[Site "Maastricht"]
[Date "2014.06.09"]
[Round "7"]
[White "Luig, Benjamin"]
[Black "Kocur, Marc"]
[Result "1/2-1/2"]
[WhiteElo "1844"]
[BlackElo "1906"]
[PlyCount "50"]
[EventDate "2014.06.06"]
[EventType "swiss"]
[EventRounds "7"]
[EventCountry "NED"]
[Source "P.Boonen"]
[SourceDate "2014.10.10"]

1. d4 e6 2. c4 Bb4+ 3. Bd2 Bxd2+ 4. Qxd2 Nf6 5. Nc3 d5 6. Nf3 c6 7. g3 Qe7 8.
Bg2 O-O 9. O-O Rd8 10. Rfe1 dxc4 11. e4 e5 12. Nxe5 Qxe5 13. dxe5 Rxd2 14. exf6
gxf6 15. Rad1 Rd7 16. e5 fxe5 17. Ne4 Rd3 18. Kf1 Rxd1 19. Rxd1 Nd7 20. Rxd7
Bxd7 21. Nf6+ Kg7 22. Nxd7 f6 23. Nc5 b5 24. f3 a5 25. Kf2 a4 1/2-1/2

[Event "BPB Limburg open B"]
[Site "Maastricht"]
[Date "2014.06.09"]
[Round "7"]
[White "Marechal, Georges"]
[Black "Yildiz, Kemal"]
[Result "0-1"]
[WhiteElo "1755"]
[BlackElo "1938"]
[PlyCount "63"]
[EventDate "2014.06.06"]
[EventType "swiss"]
[EventRounds "7"]
[EventCountry "NED"]
[Source "P.Boonen"]
[SourceDate "2014.10.10"]

1. e4 c5 2. Nf3 Nc6 3. c3 Nf6 4. e5 Nd5 5. Bc4 Nb6 6. Bb3 d5 7. exd6 Qxd6 8. h3
Bf5 9. d4 cxd4 10. Nxd4 Nxd4 11. Qxd4 Qxd4 12. cxd4 e6 13. O-O Be7 14. Nc3 Bf6
15. Be3 O-O 16. g4 Bd3 17. Rfd1 Bc4 18. Bxc4 Nxc4 19. b3 Nd6 20. Bf4 Rfd8 21.
g5 Be7 22. d5 Rdc8 23. Bxd6 Bxd6 24. Nb5 Be5 25. Rac1 Rxc1 26. Rxc1 a6 27. Nc3
exd5 28. Ne2 Kf8 29. f4 Bb8 30. Kg2 d4 31. Nxd4 Bxf4 32. Nf3 0-1

[Event "BPB Limburg open B"]
[Site "Maastricht"]
[Date "2014.06.09"]
[Round "7"]
[White "Mercan Cano, Oscar"]
[Black "Kuciapa, Andre"]
[Result "1/2-1/2"]
[WhiteElo "1758"]
[BlackElo "1778"]
[PlyCount "150"]
[EventDate "2014.06.06"]
[EventType "swiss"]
[EventRounds "7"]
[EventCountry "NED"]
[Source "P.Boonen"]
[SourceDate "2014.10.10"]

1. e4 c5 2. Nf3 d6 3. d4 cxd4 4. Nxd4 a6 5. Nc3 e5 6. Nb3 Nf6 7. Bg5 Be7 8. Qd2
Be6 9. O-O-O Nbd7 10. h3 Qc7 11. f4 exf4 12. Bxf4 Ne5 13. Nd5 Nxd5 14. exd5 Bf5
15. Bxe5 dxe5 16. d6 Bxd6 17. g4 Bg6 18. Kb1 Rd8 19. Bg2 O-O 20. Rc1 e4 21.
Rhf1 h6 22. Qe3 Be7 23. Rce1 Bg5 24. Qc5 Qxc5 25. Nxc5 Bd2 26. Re2 e3 27. Bxb7
Rd6 28. Ne4 Rd7 29. Bc6 Rc7 30. Nxd2 exd2 31. Be4 Re8 32. Bd3 Rce7 33. Rxd2
Bxd3 34. Rxd3 Re1+ 35. Rd1 R1e3 36. Rd3 Rxd3 37. cxd3 Re3 38. Kc2 Rxh3 39. Kc3
Rh4 40. Rg1 h5 41. gxh5 Rxh5 42. d4 f5 43. Kc4 Rh2 44. Rb1 g5 45. a3 g4 46. Rf1
Rh5 47. Kd3 Rh3+ 48. Kc4 Rh5 49. d5 g3 50. Kd4 Kf7 51. Ke3 Ke7 52. Kf3 Kd6 53.
Rd1 Rh2 54. Kxg3 Rxb2 55. Rd3 Rb5 56. Rd4 Rxd5 57. Ra4 a5 58. Kf4 Kc6 59. Rc4+
Kb5 60. Rc3 Rc5 61. Re3 Ka4 62. Rd3 Rb5 63. Rc3 Rb3 64. Rc5 Rxa3 65. Rxf5 Rd3
66. Ke4 Rd7 67. Rf1 Kb3 68. Ra1 a4 69. Rb1+ Ka2 70. Rb4 a3 71. Ke3 Ka1 72. Ke2
a2 73. Rb3 Rh7 74. Kd2 Rc7 75. Rb4 Rc3 1/2-1/2

[Event "BPB Limburg open B"]
[Site "Maastricht"]
[Date "2014.06.09"]
[Round "7"]
[White "Mertens, Andreas"]
[Black "Saizew, Valeri"]
[Result "1/2-1/2"]
[WhiteElo "1983"]
[BlackElo "1951"]
[PlyCount "150"]
[EventDate "2014.06.06"]
[EventType "swiss"]
[EventRounds "7"]
[EventCountry "NED"]
[Source "P.Boonen"]
[SourceDate "2014.10.10"]

1. Nf3 d5 2. d4 Nf6 3. e3 Bf5 4. c4 e6 5. Qb3 Qc8 6. cxd5 exd5 7. Nc3 c6 8. Be2
Bd6 9. Bd2 Nbd7 10. Rc1 Qc7 11. Nb5 Qb8 12. Nxd6+ Qxd6 13. Qxb7 Rb8 14. Qxc6
Qxc6 15. Rxc6 O-O 16. Bc1 Rfc8 17. Rxc8+ Rxc8 18. O-O Rc2 19. Bb5 Nb6 20. Nh4
Bd7 21. Bd3 Rc7 22. Nf3 Ne4 23. Ne5 Be8 24. f3 Nd6 25. Bb1 f6 26. Nd3 Bg6 27.
Kf2 Na4 28. Bd2 Nc4 29. Ke2 Ncxb2 30. Nxb2 Nxb2 31. Bxg6 hxg6 32. Rc1 Rxc1 33.
Bxc1 Nc4 34. e4 Nb6 35. e5 fxe5 36. dxe5 Kf7 37. Kd3 Ke6 38. f4 Nd7 39. Be3 a6
40. Bd4 Nb8 41. Bc5 Nc6 42. Bf8 Kf7 43. Bd6 Ke6 44. g4 a5 45. h4 a4 46. Kc3 Na5
47. Kb4 Nc4 48. Bf8 Ne3 49. Kxa4 d4 50. Kb3 Kd5 51. Bxg7 Nxg4 52. e6 Kxe6 53.
Bxd4 Nh6 54. Kc4 Nf5 55. Bf2 Nd6+ 56. Kb4 Kf5 57. Be3 Ke4 58. Bc1 Kd5 59. a4
Nf5 60. Kb5 Kd6 61. Kb6 Kd7 62. Kb7 Nd6+ 63. Kb6 Kc8 64. a5 Kb8 65. a6 Nf5 66.
Bb2 Nxh4 67. Be5+ Ka8 68. Bf6 Ng2 69. Bg5 Nxf4 70. Bxf4 g5 71. Bg3 g4 72. Bf2
g3 73. Bg1 g2 74. Kc6 Kb8 75. Bh2+ Ka8 1/2-1/2

[Event "BPB Limburg open B"]
[Site "Maastricht"]
[Date "2014.06.09"]
[Round "7"]
[White "Mestrom, Ton"]
[Black "Zimmermann, Michael"]
[Result "1/2-1/2"]
[WhiteElo "1797"]
[BlackElo "1902"]
[PlyCount "77"]
[EventDate "2014.06.06"]
[EventType "swiss"]
[EventRounds "7"]
[EventCountry "NED"]
[Source "P.Boonen"]
[SourceDate "2014.10.10"]

1. d4 d5 2. Bf4 e6 3. e3 Bd6 4. Ne2 Ne7 5. Nbc3 a6 6. e4 dxe4 7. Nxe4 Nbc6 8.
Bxd6 cxd6 9. c4 d5 10. cxd5 Nxd5 11. g3 O-O 12. Bg2 Qa5+ 13. Qd2 Qxd2+ 14. Nxd2
Ncb4 15. O-O Bd7 16. Nc3 Bc6 17. Nf3 Rac8 18. a3 Nd3 19. Rab1 Nxc3 20. bxc3 Bb5
21. Rfd1 Rxc3 22. Bf1 Nb2 23. Rxb2 Bxf1 24. Kxf1 Rxf3 25. Rxb7 Rxa3 26. d5 exd5
27. Rxd5 Ra8 28. Kg2 h6 29. Rdd7 Rf8 30. Ra7 Ra2 31. Rd6 Re8 32. Rdxa6 Rc2 33.
Ra8 Rxa8 34. Rxa8+ Kh7 35. h4 g6 36. g4 Kg7 37. Ra5 Rc4 38. Kg3 Rc3+ 39. f3
1/2-1/2

[Event "BPB Limburg open B"]
[Site "Maastricht"]
[Date "2014.06.09"]
[Round "7"]
[White "Moog, Gerhard"]
[Black "Negues, Feyyaz"]
[Result "0-1"]
[WhiteElo "1898"]
[BlackElo "1983"]
[PlyCount "48"]
[EventDate "2014.06.06"]
[EventType "swiss"]
[EventRounds "7"]
[EventCountry "NED"]
[Source "P.Boonen"]
[SourceDate "2014.10.10"]

1. e4 c5 2. Nf3 d6 3. d4 cxd4 4. Nxd4 Nf6 5. Nc3 a6 6. f3 Qb6 7. Qd3 Nbd7 8.
Nb3 Ne5 9. Qd4 Qc7 10. Be3 b5 11. O-O-O e6 12. Bf4 Bb7 13. Be2 Be7 14. g4 Rc8
15. g5 Nfd7 16. Be3 O-O 17. f4 Nc4 18. Bxc4 Qxc4 19. Qxc4 Rxc4 20. Nd2 Rc7 21.
Rhe1 b4 22. Ne2 Rfc8 23. Nd4 Nc5 24. Bg1 Nd3+ 0-1

[Event "BPB Limburg open B"]
[Site "Maastricht"]
[Date "2014.06.09"]
[Round "7"]
[White "Passchyn, Maarten"]
[Black "Freer, Robert"]
[Result "1/2-1/2"]
[WhiteElo "1936"]
[BlackElo "1863"]
[PlyCount "29"]
[EventDate "2014.06.06"]
[EventType "swiss"]
[EventRounds "7"]
[EventCountry "NED"]
[Source "P.Boonen"]
[SourceDate "2014.10.10"]

1. e4 e6 2. d4 d5 3. Nc3 Bb4 4. e5 c5 5. Bd2 Ne7 6. Nb5 Bxd2+ 7. Qxd2 O-O 8. f4
a6 9. Nd6 Qb6 10. O-O-O cxd4 11. Nf3 Nbc6 12. a3 Bd7 13. Nxd4 f6 14. Nxc6 bxc6
15. exf6 1/2-1/2

[Event "BPB Limburg open B"]
[Site "Maastricht"]
[Date "2014.06.09"]
[Round "7"]
[White "Pijlman, Rene"]
[Black "Boom, Harrie"]
[Result "1-0"]
[WhiteElo "1977"]
[BlackElo "1765"]
[PlyCount "51"]
[EventDate "2014.06.06"]
[EventType "swiss"]
[EventRounds "7"]
[EventCountry "NED"]
[Source "P.Boonen"]
[SourceDate "2014.10.10"]

1. e4 c5 2. Nf3 d6 3. d4 cxd4 4. Nxd4 Nf6 5. Nc3 e6 6. Be2 Be7 7. O-O a6 8. f4
Qc7 9. Qe1 Nc6 10. Be3 O-O 11. Qg3 Bd7 12. Rae1 Nxd4 13. Bxd4 Bc6 14. Bd3 b5
15. e5 Ne8 16. Qh3 g6 17. Re3 d5 18. f5 exf5 19. Ne2 Bb7 20. Qh6 f6 21. Nf4 Bc8
22. Nxd5 Qd7 23. Nxe7+ Qxe7 24. exf6 Qd7 25. Qh4 Bb7 26. Re7 1-0

[Event "BPB Limburg open B"]
[Site "Maastricht"]
[Date "2014.06.09"]
[Round "7"]
[White "Ramaekers, Philippe"]
[Black "Sinke, Wim"]
[Result "1/2-1/2"]
[WhiteElo "1893"]
[BlackElo "1874"]
[PlyCount "130"]
[EventDate "2014.06.06"]
[EventType "swiss"]
[EventRounds "7"]
[EventCountry "NED"]
[Source "P.Boonen"]
[SourceDate "2014.10.10"]

1. e4 e5 2. f4 exf4 3. Nf3 Be7 4. Bc4 Bh4+ 5. Kf1 d6 6. d4 Be6 7. Bxe6 fxe6 8.
Bxf4 Be7 9. c3 Qd7 10. Nbd2 Na6 11. Qe2 O-O-O 12. b4 Rf8 13. Bg3 g5 14. b5 Nb8
15. Kg1 h5 16. h3 h4 17. Bf2 Qe8 18. a4 Qg6 19. a5 g4 20. hxg4 Qxg4 21. Rh3 Rf7
22. Kh1 Rg7 23. Bg1 Bg5 24. Nf1 Nf6 25. Re1 Bf4 26. b6 axb6 27. axb6 c6 28. e5
Ne4 29. exd6 Nxc3 30. Qxe6+ Qxe6 31. Rxe6 Kd7 32. Rf6 Nd5 33. Rf5 Ke6 34. Re5+
Bxe5 35. dxe5 Nd7 36. N1d2 Nf4 37. Rxh4 Rxh4+ 38. Nxh4 Rh7 39. Ndf3 Nxe5 40.
Ng5+ Kxd6 41. Nxh7 Ng4 42. Ng5 Ne2 43. Nf7+ Ke7 44. Bc5+ Kxf7 45. Nf5 Ke6 46.
Nd6 Ne5 47. Nxb7 Nd7 48. Bf2 Nxb6 49. Bxb6 Nf4 50. Kh2 Nxg2 51. Kxg2 Kd5 52.
Bf2 Kc4 53. Kf3 Kb5 54. Ke4 Ka6 55. Nc5+ Kb5 56. Ke5 Kc4 57. Kd6 Kc3 58. Kxc6
Kc4 59. Be3 Kc3 60. Kd5 Kb4 61. Bd4 Kb5 62. Be3 Kb4 63. Ne6 Kb5 64. Nc7+ Kb4
65. Na6+ Kc3 {.....} 1/2-1/2